000 00239nam a22000857a 4500
008 160812b xxu||||| |||| 00| 0 eng d
100 _9126
_a Keith, S., et al
245 _aFrank Social Sciences - 7
260 _aNew Delhi
_bFrank publication
_c2005
999 _c2781
_d2781